| Поле | Инд. | ПП | Название | Значение |
|---|---|---|---|---|
| Тип записи | a | |||
| Библиографический уровень | m | |||
| 001 | Контрольный номер | 0ddc0d9d35a040138a58a82416ba91b6 | ||
| 005 | Дата корректировки | 20250123105058.7 | ||
| 020 | a | ISBN | 978-5-6048665-3-5 | |
| 040 | a | Служба первич. каталог. | НБ ТвГУ | |
| b | Код языка каталог. | rus | ||
| e | Правила каталог. | PSBO | ||
| 041 | 0_ | a | Код языка текста | rus |
| 080 | a | Индекс УДК | 796.0 | |
| 084 | a | Индекс другой классификации/Индекс ББК | Ч50 | |
| 084 | a | Индекс другой классификации/Индекс ББК | Ч515 | |
| 090 | a | Полочн. индекс | Ч5 | |
| x | Авторский знак | Р 17 | ||
| 097 | b | Оператор | Semenova.ZR | |
| 245 | 10 | a | Заглавие | Развитие физических качеств студентов на этапах спортивной подготовки |
| b | Продолж. заглавия | интерактивная книга тренера | ||
| c | Ответственность | Министерство спорта Российской Федерации, Федеральный центр подготовки спортивного резерва ; составитель И. Г. Максименко | ||
| 260 | c | Дата издания | 2022 | |
| a | Место издания | Москва | ||
| b | Издательство | Принтлето | ||
| 300 | a | Объем | 799, [1] с. | |
| b | Иллюстрации/ тип воспроизводства | цв. ил., табл. | ||
| 653 | 0_ | a | Ключевые слова | Спорт |
| a | Ключевые слова | Физическая культура | ||
| a | Ключевые слова | Спортивная подготовка | ||
| a | Ключевые слова | Тренировка | ||
| a | Ключевые слова | Развитие физических качеств | ||
| a | Ключевые слова | Физические качества студентов | ||
| a | Ключевые слова | Физическая подготовка спортсменов | ||
| a | Ключевые слова | Подготовка спортсменов | ||
| a | Ключевые слова | Спортивная техника | ||
| a | Ключевые слова | Двигательные качества | ||
| a | Ключевые слова | Питание спортсменов | ||
| a | Ключевые слова | Профилактика травматизма в спорте | ||
| 700 | 12 | a | Другие авторы | Максименко Игорь Георгиевич |
| e | Роль лиц | Составитель | ||
| 710 | 12 | a | Организация/ юрисдикция | Федеральный центр подготовки спортивного резерва |
| 901 | t | Тип документа | m | |
| 920 | a | Оператор | Семен | |
| a | Оператор | Лиси | ||
| 930 | a | Новая/Ретро | новая | |
| 952 | c | Вид литературы | К рум | |
| 954 | b | Дата поступления в ОК | 20240113 | |
| a | Дата поступления на обработку | 20230125 |